000 00551nam a2200181 4500
001 109661
003 ES-MaACL
005 20251003185049.0
007 t|
008 061121s1972 sp r ||||1| spa d
100 1 _aO'Manique, John
_9216475
245 1 0 _aEnergía en evolución /
_cJohn O' manique ; [ traducción de Manuel Vázquez].
260 _aBarcelona :
_bPlaza y Janés,
_c1972.
300 _a153 p. ;
_c19 cm.
700 1 _aVázquez Tomás, Manuel
_9113375
852 _aES-MaACL
_jC-44917
_bR.80556
999 _c109661
_d109661